| 000 | 00348nam a2200145 i 4500 | ||
|---|---|---|---|
| 001 | bg | ||
| 100 | 1 | _aSCHREYER, K. | |
| 245 | 0 |
_aWerkstuckspanner <Vorrichtungen> / _cK. Schreyer. |
|
| 250 | _a3 verb. u. erweit. Aufl. | ||
| 260 |
_aBerlin, _c1969. |
||
| 040 | _cBPK | ||
| 041 | _apol | ||
| 942 | _cKS | ||
| 008 | s pl f |000 0 pol | ||
| 999 |
_c15854 _d15854 |
||
| 856 |
_uhttp://koha.tu.koszalin.pl/cgi-bin/koha/opac-detail.pl?biblionumber=15854 _yKatalog online BPK |
||